000 00857nam a2200205Ia 4500
003 GCL
005 20240530102513.0
008 140319s9999 xx 000 0 ara d
040 _aGCL /
_cGCL
082 0 4 _a922.1
_bس ك
100 1 _aالسيوطى : جلال الدين ابوالفضل عبدالرحمن بن ابى بكر بن محمد الخضيرى
245 1 0 _aكتاب التحدث بنعمة الله /
_cالسيوطى : جلال الدين ابوالفضل عبدالرحمن بن ابى بكر بن محمد الخضيرى
260 _aالقاهرة :
_bالهيئة العامة لقصور الثقافة
300 _aمتعدد ؛
_c24 سم
490 _aالذخائر
_v106
650 0 4 _aالسيوطى, جلال الدين
650 0 4 _aالترجمة الذاتية
650 0 4 _aالرجال - تراجم
942 _2ddc
_cBK
999 _c32736
_d32736